|
|
|
|
| LEADER |
00876nam a2200253 4500 |
| 001 |
DLU140166549 |
| 005 |
##20141226 |
| 040 |
# |
# |
|a DLU
|b vie
|
| 041 |
# |
# |
|a vie
|
| 044 |
# |
# |
|a vn
|
| 100 |
# |
# |
|a Trần Khánh Hưng,
|c TS.
|
| 245 |
# |
# |
|a Giải pháp thúc đẩy sự gắn kết giữa chuyển dịch cơ cấu ngành kinh tế và cơ cấu lao động xã hội trong công nghiệp hóa, hiện đại hóa ở Việt Nam /
|c Trần Khánh Hưng.
|
| 653 |
# |
# |
|a Cơ cấu lao động
|
| 653 |
# |
# |
|a Nguồn nhân lực
|
| 773 |
# |
# |
|t Nghiên cứu Kinh tế
|g Số 7(422), 2013, tr.12-19
|
| 920 |
# |
# |
|a Phòng Tạp chí -- Trung tâm Thông tin - Thư viện Trường Đại học Đà Lạt
|
| 994 |
# |
# |
|a DLU
|
| 900 |
# |
# |
|a True
|
| 911 |
# |
# |
|a Trần Thị Minh Hương
|
| 925 |
# |
# |
|a G
|
| 926 |
# |
# |
|a A
|
| 927 |
# |
# |
|a BB
|
| 980 |
# |
# |
|a Thư viện Trường Đại học Đà Lạt
|